[Event "Magnus Carlsen Invitational 2020"]
[Site "magnuscarlsen.com"]
[Date "2020.04.18"]
[Round "1.1"]
[White "Carlsen, Magnus"]
[Black "Nakamura, Hikaru"]
[Result "1-0"]
[WhiteElo "2881"]
[BlackElo "2829"]
[Annotator "TA"]
[PlyCount "133"]
[EventDate "2020.04.18"]
[EventType "tourn"]
[EventCountry "NOR"]
[SourceTitle "playchess.com"]
[Source "ChessBase"]
[SourceQuality "1"]

{[%evp 14,133,14,12,13,17,15,10,19,24,77,77,73,52,58,47,52,34,35,39,60,54,57,
57,54,60,81,77,77,75,84,64,83,27,18,25,125,114,108,112,266,254,379,261,261,258,
252,95,91,56,87,52,51,44,49,42,61,31,30,18,43,54,562,547,535,535,493,433,623,
614,592,573,573,529,572,507,5057,2880,10009,12837,29943,29942,29951,29955,
29949,29953,29962,29965,29964,29965,29961,29966,29964,29967,29967,29969,29969,
29968,29968,29969,29961,29966,29973,29968,29971,29973,29973,29973,29978,29979,
29986,29980,29980,29981,29981,29982,29982,29983,29983,29984,29984,29984]} 1. d4
Nf6 2. c4 e6 3. Nf3 d5 4. Nc3 Be7 5. Bf4 O-O 6. e3 Nbd7 (6... c5 7. dxc5 Bxc5
8. a3 Nc6 9. Qc2 Re8 10. Bg5 Be7 11. Rd1 Qa5 12. Bd3 dxc4 13. Bxc4 h6 14. Bf4
Bd7 15. O-O Rac8 16. e4 e5 17. Be3 Nd4 18. Bxd4 Rxc4 19. Bxe5 {1-0 (43)
Carlsen,M (2875)-Nakamura,H (2754) Zagreb 2019}) 7. c5 c6 8. h3 b6 {D37:
Queen's Gambit Declined: 5 Bf4.} 9. b4 a5 10. a3 $1 h6 {The position is equal.}
11. Bd3 Bb7 (11... Ba6 $11) 12. O-O $16 Qc8 {[#]} 13. Re1 $146 ({Predecessor:} 
13. Qc2 Ba6 14. Bxa6 Rxa6 15. Rab1 axb4 16. axb4 Qb7 17. Rfc1 Rfa8 18. b5 Ra5
19. bxc6 Qxc6 20. cxb6 Nxb6 21. Nxd5 Qxd5 22. Rxb6 {1/2-1/2 (36) Girya,O (2450)
-Muminova,N (2321) Khanty-Mansiysk 2014}) 13... Ba6 14. Bc2 Re8 15. Rc1 axb4
16. axb4 bxc5 17. bxc5 Bd8 18. Ra1 Bc7 19. Qd2 e5 20. dxe5 Nxe5 21. Nxe5 Bxe5
22. Bxe5 Rxe5 23. Qd4 ({White should try} 23. Na4 $16 {Hoping for Nb6.} Ra7 24.
Nc3) 23... Re8 $11 24. e4 {[%cal Re4d5]} dxe4 (24... Bc4 $11 {keeps the
balance.}) 25. Nxe4 $16 Nxe4 26. Rxe4 Rd8 $2 (26... Bb5 $16 {was called for.})
27. Qc3 $18 Rd5 (27... Rd7 $142 28. Rea4 Rda7) 28. Rea4 Bb7 29. Rxa8 Bxa8 30.
Qa5 $2 (30. Qb4 $18 {is more deadly.}) 30... Bb7 $16 31. Qb6 g6 32. Be4 Rd7 33.
Bf3 h5 34. Re1 Qd8 35. Qxd8+ Rxd8 $14 {[%mdl 4096] Endgame KRB-KRB} 36. Re7 Ba6
37. Bxc6 Rc8 $2 {[%mdl 8192] Black is now going downhill.} (37... Rd1+ $14 38.
Kh2 Rc1) 38. Re8+ $18 Rxe8 39. Bxe8 {KB-KB} Kf8 40. Bc6 h4 (40... g5 $142 41.
f4 g4) 41. f4 Ke7 42. Kf2 f6 43. Ke3 Ke6 44. Be4 g5 (44... Bb5 $142 45. Bxg6
Kd5) 45. Kd4 gxf4 46. Bd5+ $1 Ke7 47. Ke4 {White mates.} Bc8 48. Kxf4 Bd7 49.
g3 hxg3 50. Kxg3 Kf8 51. h4 Kg7 52. Kf4 Kh6 53. Bf3 Kg7 54. Ke4 Bc6+ {[#]} 55.
Ke3 $1 Bb5 56. Kd4 Kf7 57. Kd5 Ke7 58. Bg4 Bd3 59. c6 {[%cal Bc5c6,Bc6c7][%mdl
32]} f5 60. Bf3 Bb5 {[#]} 61. c7 $1 Kd7 62. Ke5 f4 63. h5 Bc4 64. h6 Bg8 65.
Bd5 Bh7 66. Be4 Bg8 67. Kxf4 {Accuracy: White = 81%, Black = 66%.} 1-0

[Event "Magnus Carlsen Invitational 2020"]
[Site "magnuscarlsen.com"]
[Date "2020.04.19"]
[Round "1.1"]
[White "Vachier-Lagrave, Maxime"]
[Black "Giri, Anish"]
[Result "1-0"]
[WhiteElo "2860"]
[BlackElo "2731"]
[Annotator "TA"]
[PlyCount "117"]
[EventDate "2020.04.18"]
[EventType "tourn"]
[EventCountry "NOR"]
[SourceTitle "playchess.com"]
[Source "ChessBase"]
[SourceQuality "1"]

{[%evp 13,117,0,0,0,0,0,0,0,0,0,0,0,0,0,14,13,30,19,29,30,28,22,23,6,6,4,18,18,
18,18,18,19,19,18,19,17,29,19,19,19,19,19,19,19,19,18,19,19,33,29,38,34,29,29,
70,70,87,54,54,51,62,52,52,18,18,16,16,17,52,52,166,175,284,100,100,107,107,
107,107,80,93,92,147,147,206,214,194,186,1195,427,575,567,543,533,527,527,514,
482,1300,1246,29963,29959,29961,10173,29968,5443]} 1. d4 Nf6 2. c4 e6 3. Nc3
Bb4 4. Qc2 O-O 5. e4 d5 6. e5 Ne4 7. Bd3 c5 8. Nf3 $1 {8.Nf3 is better than 8.
Nge2. E32: Nimzo-Indian: Classical (4 Qc2): 4...0-0.} cxd4 9. Nxd4 Nd7 10. Bf4
{The position is equal.} Qh4 11. g3 Qh5 12. O-O g5 13. cxd5 gxf4 14. dxe6 Nxc3
15. exd7 fxg3 16. hxg3 Bxd7 {White must now prevent ...Ba4.} 17. bxc3 Rac8 18.
Qd1 Qxd1 19. Raxd1 Bxc3 20. Bf5 Rc4 21. Bxd7 Rxd4 22. Rxd4 Bxd4 $11 {[%mdl
4096] [#] Endgame KRB-KRB} 23. Re1 $5 $146 {[%mdl 8] An interesting novelty.} (
{Predecessor:} 23. Rb1) 23... Rd8 24. Ba4 Rd5 25. e6 fxe6 26. Rxe6 {Strongly
threatening Bb3.} Re5 27. Rd6 Bc5 28. Rd2 Kg7 29. Kg2 b6 30. Bb3 h6 31. f4 Re3
32. Rd7+ Re7 $1 {[%cal Re7d7]} 33. Rd8 Bb4 34. Kf3 Be1 35. g4 Bc3 36. Rd6 Bf6
37. Be6 Rc7 38. Ke4 Be7 39. Rd3 Kf6 40. Bb3 b5 41. Rd5 Rc5 (41... b4 $14) 42.
Rd7 $18 {Hoping for Kd4.} a5 (42... Rc1 $142 43. Rxa7 Re1+ 44. Kd5 Re2) 43. Ra7
$2 (43. Kd4 $1 $18 {and the rest is easy. Rxe7! is the strong threat.} Rc1 44.
g5+ $1 {[%mdl 576] Deflection} hxg5 45. fxg5+ Kxg5 46. Rxe7) 43... a4 $16 44.
Bd5 Rc1 45. Ra6+ Kg7 46. Kf5 Rc7 47. Ra5 Rc5 ({Black should play} 47... a3) 48.
Ke6 {And now Ra7 would win.} Bd8 {[#]} (48... Rc7 $16 49. Rxb5 Ba3) 49. Ra8 $1
$18 {[%cal Ra8d8]} Bh4 50. Ra7+ Kf8 $2 {[#]} (50... Kh8 51. f5 Rc8) 51. Rh7 (
51. g5 $142 $1 {[%mdl 512]} hxg5 52. f5) 51... Bg3 52. f5 {White wants to mate
with f6.} Rc7 53. Rxh6 {Threatening mate with f6.} Re7+ 54. Kf6 {[%cal Rh6h8]}
Be5+ 55. Kg5 {Threatens to win with f6.} Rg7+ (55... Rd7 $142 56. Bc6 Rg7+ 57.
Rg6 a3) 56. Rg6 Ke7 57. Rxg7+ Bxg7 58. Bc6 (58. Kg6 $142 Bd4 59. Bc6 Be5 60.
Bxb5 Bc7 61. Bxa4 Kd6 62. f6 Ke5 63. f7) 58... a3 59. Bxb5 {Accuracy: White =
85%, Black = 64%.} 1-0

[Event "Magnus Carlsen Invitational 2020"]
[Site "magnuscarlsen.com"]
[Date "2020.04.18"]
[Round "1.1"]
[White "Ding, Liren"]
[Black "Firouzja, Alireza"]
[Result "1/2-1/2"]
[WhiteElo "2836"]
[BlackElo "2703"]
[Annotator "TA"]
[PlyCount "83"]
[EventDate "2020.04.18"]
[EventType "tourn"]
[EventCountry "NOR"]
[SourceTitle "playchess.com"]
[Source "ChessBase"]
[SourceQuality "1"]

{[%evp 19,83,6,6,12,6,6,10,6,6,3,0,0,0,-29,-12,-21,-19,-28,-16,-27,-7,-15,-15,
-14,-16,-27,-13,-37,-35,-36,-9,-13,-12,-21,-21,-26,-21,-21,-12,-14,-7,-18,-18,
-38,-17,-37,-6,-6,-6,-23,-20,-20,-8,-20,-20,-20,0,0,0,0,0,0,0,0,0,0]} 1. d4 Nf6
2. c4 e6 3. Nf3 d5 4. Nc3 Bb4 5. e3 O-O 6. Bd2 b6 7. cxd5 exd5 8. Rc1 a6 9. Bd3
Bb7 10. O-O Bd6 11. Ne5 {E52: Nimzo-Indian: Rubinstein: 4...0-0 5 Nf3 d5 6 Bd3
b6.} c5 12. f4 Nc6 13. Be1 cxd4 14. Nxc6 Bxc6 15. Ne2 Bd7 16. Nxd4 Re8 17. Qf3
Qe7 {[#]} 18. Bd2 $146 ({Predecessor:} 18. Bf2 Bc5 19. Rfe1 Ne4 20. Bxe4 dxe4
21. Qe2 Rac8 22. Red1 Bxd4 23. Rxc8 Rxc8 24. exd4 {0-1 (41) Castellanos
Rodriguez,R (2487)-Ubilava,E (2498) Linares 2017}) 18... Bc5 19. Rfe1 Bxd4 20.
exd4 Ne4 21. Bxe4 dxe4 22. Qe3 Qe6 23. a3 Qd5 24. h3 h5 25. Qf2 Rac8 26. Rxc8
Rxc8 27. Rc1 Rxc1+ 28. Bxc1 Qc4 29. Be3 b5 30. Qd2 Be6 31. Qc1 Qd3 32. Qd2 Bd5
33. Qxd3 exd3 $11 {[%mdl 4096] Endgame KB-KB} 34. g3 Kh7 35. Kf2 {The position
is equal.} Kg6 36. Bd2 Kf5 37. Ke3 Bc4 38. Bb4 g6 39. Bd2 Ke6 40. g4 hxg4 41.
hxg4 f5 42. gxf5+ {Accuracy: White = 96%, Black = 92%.} 1/2-1/2

[Event "Magnus Carlsen Invitational 2020"]
[Site "magnuscarlsen.com"]
[Date "2020.04.19"]
[Round "1.1"]
[White "Caruana, Fabiano"]
[Black "Nepomniachtchi, Ian"]
[Result "1/2-1/2"]
[WhiteElo "2773"]
[BlackElo "2778"]
[Annotator "TA"]
[PlyCount "137"]
[EventDate "2020.04.18"]
[EventType "tourn"]
[EventCountry "NOR"]
[SourceTitle "playchess.com"]
[Source "ChessBase"]
[SourceQuality "1"]

{[%evp 13,137,-7,-11,-20,-8,-14,0,-2,18,10,16,0,10,0,0,0,25,3,43,46,39,15,16,
16,21,19,41,-45,12,-9,21,20,30,-10,27,0,0,-33,-20,-32,-30,-24,-18,-15,-25,-94,
-94,-95,-89,-123,-118,-107,-99,-131,-132,-152,-70,-101,-118,-100,-111,-161,
-158,-147,-99,-99,-99,-99,-99,-99,-99,-99,-84,-91,-77,-91,-91,-91,-99,-99,-99,
-99,-99,-99,-59,-59,-59,-99,-99,-106,-8,-8,-8,-8,-8,-115,-8,-8,-8,-8,-8,-8,-8,
-8,0,-8,-8,-8,-8,-8,-8,-8,-8,-8,-8,-8,-8,-8,-8,-8,-8,-8,-8,-8,-8,-8]} 1. e4 e6
2. d4 d5 3. Nc3 Bb4 4. e5 c5 5. a3 Bxc3+ 6. bxc3 Ne7 7. h4 Qc7 8. h5 {C18:
French: 3 Nc3 Bb4: Main line: 7 h4 and 7 Qg4.} h6 9. Rb1 $1 {[%mdl 4] is now
more promising than 9.Nf3. Played by Maxime Vachier Lagrave in March 2020.} b6
10. Qg4 cxd4 11. Qxg7 Rg8 12. Qxh6 Qxe5+ {[#]} 13. Ne2 $146 ({Predecessor:} 13.
Kd1 Nf5 14. Nf3 Qe4 15. Qf4 dxc3 16. h6 Rh8 17. Qc7 Bd7 18. Bg5 Nc6 19. h7 {
1-0 (46) Motylev,A (2629)-Studer,N (2394) Tallinn 2019}) 13... dxc3 14. Qf4
Qxf4 15. Bxf4 Nbc6 16. Nxc3 e5 17. Bd2 Bf5 18. f3 Rd8 19. Kf2 f6 20. Bd3 (20.
Rc1 $14) 20... Kf7 ({Better is} 20... e4 $1 $15 21. Bb5 e3+ {[%mdl 64]
Discovered Attack, Decoy} 22. Bxe3 d4 {[%mdl 64] Double Attack}) 21. g4 Bxd3
22. cxd3 Nd4 23. Rhc1 Rc8 24. Ne2 (24. Be3 $5 {[%cal Re3d4]}) 24... Ne6 25. Nc3
f5 26. Nb5 {Hoping for Nd6+.} Rxc1 27. Rxc1 fxg4 28. Rg1 gxf3 29. Nd6+ (29.
Rxg8 $11 {keeps the balance.} Nxg8 30. Nd6+ Kg7 31. Nf5+ Kf6 32. Ne3) 29... Kf6
$17 30. Rxg8 Nxg8 31. Kxf3 {[%mdl 4096] Endgame KBN-KNN} Nd4+ 32. Kf2 Ke6 33.
Ne8 {[#]} Nf6 $1 {[%cal Rf6e8]} 34. h6 Nf5 (34... Kf7 $17 35. Nc7 Kg6) 35. Ke2
Kf7 36. Nc7 Kg6 37. h7 Kxh7 38. Bg5 Nd4+ 39. Kd1 Kg6 40. Bxf6 Kxf6 41. Nxd5+ {
KN-KN} Ke6 42. Nc3 b5 43. Kd2 a5 44. Ne4 Kd5 45. Kc3 Ne2+ 46. Kd2 Nf4 47. Ng5
Ne6 48. Ne4 Nc5 49. Nc3+ $1 Kc6 50. Ne2 Ne6 51. Nc3 b4 (51... Ng5 $17 52. Nd1
Nh7) 52. axb4 $11 axb4 53. Ne4 Nc5 {aiming for ...Nxe4+.} 54. Nf6 {[#]} (54.
Ng5 $1 $11) 54... Nb3+ (54... Kb5 $1 $17 {And now ...Ka4 would win.} 55. Ng4
Nd7) 55. Kc2 {The position is equal.} Nd4+ 56. Kd2 Nf3+ 57. Kc2 Kc5 58. Nd7+
Kc6 {( -> ...Nd4+)} (58... Kd4 $5 59. Kb3 $8 Kxd3 $11) 59. Nf6 Ne1+ 60. Kd2 Ng2
61. Kc2 Ne3+ 62. Kb3 Kb5 63. Nd7 Ng4 64. Kc2 Kc6 65. Nb8+ Kc5 {...Nf6 is the
strong threat.} (65... Kb7 $5 66. Nd7 $8 Kc8 $11) 66. Kb3 Kd4 67. Nc6+ Kxd3 {
[#]} 68. Nxe5+ $1 {[%mdl 512]} Nxe5 69. Kxb4 {White happily takes the draw.
Accuracy: White = 78%, Black = 78%.} 1/2-1/2

[Event "Magnus Carlsen Invitational 2020"]
[Site "magnuscarlsen.com"]
[Date "2020.04.18"]
[Round "1.2"]
[White "Nakamura, Hikaru"]
[Black "Carlsen, Magnus"]
[Result "1-0"]
[WhiteElo "2829"]
[BlackElo "2881"]
[Annotator "TA"]
[PlyCount "79"]
[EventDate "2020.04.18"]
[EventType "tourn"]
[EventCountry "NOR"]
[SourceTitle "playchess.com"]
[Source "ChessBase"]
[SourceQuality "1"]

{[%evp 12,78,43,29,52,25,41,34,25,24,29,18,17,10,13,0,0,4,15,8,0,17,9,2,26,0,0,
-7,0,-8,0,-38,-34,-31,-31,-52,44,47,42,42,56,44,55,46,44,52,57,71,49,51,79,64,
274,291,304,302,857,850,843,828,29983,29984,29988,29989,29997,29998,29998,
29999,29999]} 1. e4 e5 2. Nf3 Nc6 3. Bb5 a6 4. Ba4 Nf6 5. O-O b5 (5... Bc5 6.
c3 O-O 7. d4 Ba7 8. Re1 b5 9. Bc2 d6 10. h3 h6 11. Be3 Re8 12. Nbd2 Bb7 13.
dxe5 Bxe3 14. exf6 Bxd2 15. Qxd2 Qxf6 16. a4 Ne5 17. Nxe5 Qxe5 18. f4 Qe7 19.
e5 dxe5 20. Rxe5 Qf6 21. axb5 Rxe5 22. fxe5 Qb6+ 23. Qd4 Qxd4+ 24. cxd4 axb5
25. Rxa8+ Bxa8 26. b4 Bd5 27. g3 {1/2-1/2 (27) Nakamura,H (2736)-Carlsen,M 
(2872) Moscow 2019}) 6. Bb3 Bc5 7. a4 Rb8 {[#] C78: Ruy Lopez: Archangelsk and
Möller Defences.} ({Wrong is} 7... Nxe4 $2 8. axb5 Ne7 9. Bxf7+ $1 {[%mdl 512]}
(9. Nxe5 d5 $18) 9... Kxf7 10. Nxe5+ Kg8 11. Qf3 $1 $18 {[%mdl 512]}) 8. Nxe5
$1 {[%mdl 512]} Nxe5 9. d4 {[#]} Bxd4 $1 {[%mdl 512] White is slightly better.}
10. Qxd4 d6 11. f4 Nc6 12. Qc3 Ne7 13. axb5 axb5 14. e5 Ne4 $1 {[%cal Re4c3]}
15. Qf3 Nc5 16. Ba2 {f5! is the strong threat.} O-O 17. Be3 {[#]} Bb7 $146 ({
Predecessor:} 17... Nf5 18. Bf2 Be6 19. Rd1 Qe7 20. Nc3 Na4 21. exd6 Nxd6 22.
Nxa4 bxa4 23. Re1 Qf6 24. Bxe6 fxe6 25. Rxa4 Qxb2 {1/2-1/2 (47) Milman,L (2462)
-Mulyar,M (2410) New York 2011}) 18. Qh3 Ne4 19. Nc3 Nxc3 20. bxc3 Bd5 21. f5
Bxa2 22. Rxa2 {Hoping for f6.} dxe5 23. f6 gxf6 (23... Nd5 $1 $15 24. fxg7 Re8)
24. Bh6 Re8 25. Ra6 Rb6 26. Rxb6 cxb6 27. Qg3+ $1 Ng6 28. h4 $1 f5 {aiming for
...f4.} 29. h5 {[%mdl 64] Pin} f4 {[#]} 30. hxg6 $1 {[%mdl 512]} hxg6 (30...
fxg6 31. Qf3) 31. Qg4 $40 {[%mdl 128] White mounts an attack.} Qc8 $2 {[#]
Black cannot hold the game after this.} (31... Qe7 $14) 32. Qh4 $1 $18 {
[%cal Rh4f6] Black must now prevent Qf6.} Qc5+ 33. Kh2 {And now Qf6 would win.}
Qd6 $2 (33... e4 34. Qxf4 f5) 34. Bg5 f5 35. Rf3 {Threatening mate with Rh3.}
e4 36. Rh3 {White mates.} f3+ 37. Bf4 Qd7 38. Qh8+ Kf7 39. Rh7+ {[%mdl 64]
Skewer} Ke6 40. Qe5# {Accuracy: White = 88%, Black = 70%.} 1-0

[Event "Magnus Carlsen Invitational 2020"]
[Site "magnuscarlsen.com"]
[Date "2020.04.19"]
[Round "1.2"]
[White "Nepomniachtchi, Ian"]
[Black "Caruana, Fabiano"]
[Result "1/2-1/2"]
[WhiteElo "2778"]
[BlackElo "2773"]
[Annotator "TA"]
[PlyCount "136"]
[EventDate "2020.04.18"]
[EventType "tourn"]
[EventCountry "NOR"]
[SourceTitle "playchess.com"]
[Source "ChessBase"]
[SourceQuality "1"]

{[%evp 16,136,43,37,41,33,30,29,42,32,63,27,38,0,0,-13,-18,-21,-21,-14,0,-4,-7,
-4,-4,-29,-22,-21,-30,-29,-13,-10,-10,-14,0,-8,-14,-2,-10,-12,0,-6,0,0,39,46,
52,23,110,108,106,100,524,103,112,100,115,115,110,94,93,90,80,87,88,80,72,73,
74,72,70,0,6,0,0,0,0,0,0,0,0,0,0,0,0,0,0,0,0,0,0,0,0,0,0,0,0,0,0,0,0,0,0,0,0,0,
0,0,0,0,0,0,0,0,0,0,0,0,0,0,0,0,0]} 1. e4 e5 2. Nf3 Nc6 3. Bb5 a6 4. Ba4 Nf6 5.
O-O b5 6. Bb3 Bc5 7. a4 Bb7 8. d3 O-O 9. Bg5 h6 {C78: Ruy Lopez: Archangelsk
and Möller Defences.} 10. Bh4 Be7 11. axb5 axb5 {White has an edge.} 12. Rxa8 {
[#]} Qxa8 $146 ({Predecessor:} 12... Bxa8 13. Na3 Na5 14. Ba2 b4 15. Nc4 Nxc4
16. Bxc4 d6 17. Qe2 Bc6 18. Ra1 Qb8 {1/2-1/2 (32) Gutierrez Dopino,J (2255)
-Kirkov,T (2306) ICCF email 2018}) 13. Na3 Qa5 ({Much worse is} 13... Bxa3 14.
Bxf6 gxf6 15. Nh4 $16) 14. Bd5 d6 15. c4 bxc4 16. Nxc4 Qb5 17. Ne3 Bc8 18. Bxf6
Bxf6 19. Qc2 Bd7 20. Ra1 Rb8 21. b3 Bd8 22. Bc4 Qc5 23. h3 Nb4 24. Qd1 c6 25.
Rc1 {[#] Hoping for Bxf7+!} Qa7 26. d4 $36 {[%mdl 2048] White has the
initiative.} exd4 27. Nxd4 Bf6 28. Nf3 Qc7 29. Qd2 c5 30. Rd1 Bc6 31. Ng4 Bxe4
(31... Be7 $1 $11 {keeps the balance.}) 32. Nxf6+ gxf6 33. Qf4 Bg6 $2 {[%mdl
8192]} (33... Bxf3 $16 {is tougher.} 34. gxf3 (34. Qxf3 d5 $16) 34... Kg7) 34.
Rxd6 $2 (34. Nh4 $18 {and the rest is easy.} Bc2 35. Rxd6) 34... Rb6 $16 35.
Rxf6 {[%mdl 64] [#] Discovered Attack} Qxf4 36. Rxf4 Nd3 37. Rg4 Nb2 38. Ne5
Nxc4 39. bxc4 {[%mdl 4096] Endgame KRB-KRN} Kg7 40. h4 {aiming for h5.} Re6 41.
Nd7 {h5 is the strong threat.} h5 42. Rf4 Rc6 43. Ne5 ({Better is} 43. Rf3 $14)
43... Rd6 {The position is equal.} 44. Nxg6 (44. Nf3 {keeps more tension.} f6
45. Kf1 Bd3+ 46. Ke1 Bc2 47. Nd2) 44... Kxg6 $11 {KR-KR} 45. Re4 Rd1+ 46. Kh2
Rc1 47. Kg3 Rc2 48. Kf3 Kf5 {And now ...Rxf2+! would win.} 49. Rf4+ Kg6 50. g4
Rc3+ 51. Ke2 hxg4 $1 52. Rxg4+ Kh5 53. Rf4 Kg6 $1 54. Kd2 Rh3 55. Rg4+ Kf5 56.
Rg5+ Ke4 57. Rxc5 Rxh4 58. Rd5 Rh3 59. Kc2 Rf3 60. Rd2 Ke5 61. Kd1 Ke6 62. Rc2
(62. c5 {feels hotter.} Rc3 63. Rd6+ Ke5 64. Rd7 Rxc5) 62... Kd6 63. Ke2 Ra3
64. f3 Kc5 65. Kf2 Rd3 66. Rc1 Rd4 67. Ke3 f5 68. f4 Rxc4 {Black escapes into
a draw. Accuracy: White = 87%, Black = 89%.} 1/2-1/2

[Event "Magnus Carlsen Invitational 2020"]
[Site "magnuscarlsen.com"]
[Date "2020.04.19"]
[Round "1.2"]
[White "Giri, Anish"]
[Black "Vachier-Lagrave, Maxime"]
[Result "0-1"]
[WhiteElo "2731"]
[BlackElo "2860"]
[Annotator "TA"]
[PlyCount "52"]
[EventDate "2020.04.18"]
[EventType "tourn"]
[EventCountry "NOR"]
[SourceTitle "playchess.com"]
[Source "ChessBase"]
[SourceQuality "1"]

{[%evp 13,52,17,32,9,18,20,33,5,8,-66,-61,-54,-73,-74,-66,-56,-66,-104,-97,-99,
-106,-78,-90,-89,-78,-107,-84,-84,-90,-175,-169,-144,-149,-267,-147,-167,-151,
-202,-194,-29972,-29975]} 1. d4 d5 2. c4 c6 3. Nf3 Nf6 4. Nc3 e6 5. Bg5 h6 6.
Bxf6 Qxf6 7. e3 g6 8. Ne5 {D43: Semi-Slav: 5 Bg5 h6.} Bg7 9. f4 O-O {[#]} 10.
Qc2 $146 {White is slightly better.} ({Predecessor:} 10. h4 c5 11. Qd2 Nc6 12.
O-O-O Rd8 13. g4 cxd4 14. exd4 dxc4 15. Qe3 Qe7 16. Bxc4 {1/2-1/2 (51) Adhiban,
B (2639)-Robson,R (2670) Douglas 2019}) 10... c5 {aiming for ...cxd4.} 11. dxc5
(11. g3 $11) 11... Nc6 $15 12. Nxc6 bxc6 13. Bd3 Qe7 14. Na4 e5 {Strongly
threatening ...exf4.} 15. fxe5 Qxe5 16. O-O Qxe3+ 17. Kh1 Be6 18. cxd5 Bxd5 19.
Bc4 Rad8 20. Rae1 Qg5 21. Re2 {[#]} (21. b3 $17) 21... Bxc4 $1 $19 22. Qxc4 Rd4
23. Qa6 (23. Qc2 $17) 23... Be5 $40 {[%mdl 128] White is in trouble.} (23...
Rh4 $19 24. h3 Qg3) 24. g3 $17 Qh5 {Hoping for ...Rxa4!} 25. Rg2 (25. Nc3 $17)
25... Rd1 $19 26. Qc4 $2 {[#]} (26. g4 $19 Rxf1+ 27. Qxf1) 26... Qf3 $1 {
[%mdl 512] Accuracy: White = 44%, Black = 86%.} 0-1

[Event "Magnus Carlsen Invitational 2020"]
[Site "magnuscarlsen.com"]
[Date "2020.04.18"]
[Round "1.2"]
[White "Firouzja, Alireza"]
[Black "Ding, Liren"]
[Result "0-1"]
[WhiteElo "2703"]
[BlackElo "2836"]
[Annotator "TA"]
[PlyCount "90"]
[EventDate "2020.04.18"]
[EventType "tourn"]
[EventCountry "NOR"]
[SourceTitle "playchess.com"]
[Source "ChessBase"]
[SourceQuality "1"]

{[%evp 20,90,10,12,25,-12,0,0,44,8,19,-15,-7,-8,-4,-12,-14,-45,-21,-8,-19,-21,
-20,-37,-22,-17,0,0,48,43,113,0,-2,0,0,0,0,0,49,67,102,99,109,-8,-28,-27,-22,
-751,-731,-12835,-333,-332,-316,-344,-333,-770,-766,-847,-834,-29970,-1129,
-29991,-29982,-29982,-29975,-29975,-29976,-29983,-29983,-29983,-649,-638,-608]
} 1. e4 c5 2. Nc3 d6 3. Nf3 Nf6 4. d4 cxd4 5. Nxd4 a6 6. Be3 e5 7. Nb3 Be6 8.
f3 h5 9. Qd2 Nbd7 10. O-O-O Be7 11. Kb1 b5 {B90: Sicilian Najdorf: Unusual
White 6th moves, 6 Be3 Ng4 and 6 Be3 e5.} 12. a3 Rc8 {12...0-0 is vanishing.}
13. h3 h4 {The position is equal.} 14. f4 O-O {[#]} 15. f5 $146 ({Predecessor:
} 15. Rg1 Re8 16. f5 Bxb3 17. cxb3 Nc5 18. Bxc5 dxc5 19. Qe3 Qb6 20. g4 hxg3
21. a4 {1/2-1/2 (34) Evans,D (2352)-Sherwood,R (2308) ICCF email 2017}) 15...
Bxb3 16. cxb3 Nc5 17. Bxc5 dxc5 18. Qe1 Qc7 19. g4 $36 {[%mdl 2048] White is
pushing.} hxg3 20. Qxg3 {Black must now prevent Rg1.} Rfd8 21. Be2 Bf8 22. h4
Qb7 23. Qg2 Rd4 24. h5 $1 {[%cal Rh5h6] Threatens to win with h6.} Nxe4 (24...
b4 $14 25. axb4 Nxe4 26. Nxe4 Qxe4+ 27. Qxe4 Rxe4 28. Bxa6 Rb8) 25. Bf3 ({
Only move:} 25. Ka1 $1 $16 Nd6 26. Nd5 Rxd5 27. Qxd5) 25... Nxc3+ $11 26. bxc3
e4 27. cxd4 exf3 28. Qg4 {aiming for h6.} Qd5 29. Rd3 c4 30. Qxf3 Qd6 {[#]} 31.
bxc4 (31. Rd2 $1 $16) 31... bxc4 32. Rc3 $1 Qxd4 {Strongly threatening ...Rb8+.
} 33. Rhc1 $2 {[%mdl 8192] [#] Loses the game.} (33. Ka2 $11) 33... Bxa3 $1 $19
{[%mdl 512] ( -> ...Rb8+)} 34. R1c2 (34. Rxa3 Rb8+) 34... Be7 $2 (34... Rb8+
35. Ka2 Qb6) 35. Qb7 Qd8 36. Rd2 {[#]} Qf8 $1 ({Less strong is} 36... Qxd2 37.
Qxc8+ Kh7 38. Qxc4 $15) 37. Kc2 $2 (37. Rd7) 37... Bf6 38. Rd7 Rb8 39. Qc7 Bxc3
(39... Qb4 $142 40. Kd1 Qb1+ 41. Rc1 Qb3+ 42. Ke2 Re8+ 43. Re7 Rxe7+ 44. Qxe7
Qd3+ 45. Kf2 Bxe7 46. h6 Bh4+ 47. Kg2 Qg3+ 48. Kh1 Qf3+ {[%mdl 64] Double
Attack} 49. Kg1 Qf2+ 50. Kh1 Bg3 51. h7+ Kxh7 52. Rxc4 Qh2#) 40. Kxc3 {[%mdl
4096] Endgame KQR-KQR} Qb4+ 41. Kd4 Qd2+ 42. Kc5 Rb5+ 43. Kxc4 Qc2+ 44. Kd4
Qxc7 (44... Qd1+ $142 45. Ke4 Rb4+ 46. Ke3 Qe1+ 47. Kd3 Qd1+ 48. Ke3 Qe1+ 49.
Kd3 Rb3+ 50. Kc2 Qb1+ 51. Kd2 Rb2+ 52. Ke3 Qe1+ 53. Kd4 Qd1+ 54. Kc5 Rb5+ 55.
Kc4 Qb3+ 56. Kd4 Rb4+ 57. Kc5 Rc4+ {[%mdl 64] Skewer} 58. Kd6 Qa3+ 59. Ke5 Qa1+
60. Kd6 Qf6+ {[%mdl 64] Double Attack} 61. Kd5 Qd4#) 45. Rxc7 Rxf5 {Accuracy:
White = 43%, Black = 67%.} 0-1